000 00649nab a2200193 4500
001 244442
003 OSt
005 20250728092126.0
007 tu
008 200917s2020|||||||
040 _aDE-2950
_cDE-2950
245 0 0 _aBauarbeiten sollen Ende 2026 enden
_bBaustopp. Die Baustelle an der Oderpromenade stand monatelang still. Jetzt tut sich wieder etwas. Die Bohrpfahlwand soll nun auch verstärkt werden/
_cLisa Larossa
264 _c2024
653 _aFrankfurt (Oder)
653 _aOderpromenade
653 _aBauarbeiten
773 0 _g36. Jahrgang (2025) Nr. 170 vom 24.07.2025, S. 13 mit Foto
_tMärkische Oderzeitung
942 _2z
_cA
999 _c373914
_d373914